5HLuxD.jpg

KING HENRY VIII SENIOR AND PRIMARY SCHOOL LIBRARY OPAC

A HANDFUL OF HORRID HENRY (Record no. 5932)

000 -LEADER
fixed length control field 00873nam a22001937a 4500
005 - DATE AND TIME OF LATEST TRANSACTION
control field 20251202113124.0
008 - FIXED-LENGTH DATA ELEMENTS--GENERAL INFORMATION
fixed length control field 251202b ||||| |||| 00| 0 eng d
020 ## - INTERNATIONAL STANDARD BOOK NUMBER
International Standard Book Number 9781407219790
040 ## - CATALOGING SOURCE
Transcribing agency KH8
082 ## - DEWEY DECIMAL CLASSIFICATION NUMBER
Classification number 823.914 SIM
100 ## - MAIN ENTRY--PERSONAL NAME
Personal name SIMON,FRANCESCA
Relator term AUTHOR
245 ## - TITLE STATEMENT
Title A HANDFUL OF HORRID HENRY
Remainder of title 3 BOOKS IN 1
260 ## - PUBLICATION, DISTRIBUTION, ETC.
Place of publication, distribution, etc. Carmelite House,London EC4Y 0DZ
Name of publisher, distributor, etc. Orion Children's Books
Date of publication, distribution, etc. 2000
300 ## - PHYSICAL DESCRIPTION
Extent 287 pages
Other physical details b illustration
Dimensions 12 cm x 19 cm
520 ## - SUMMARY, ETC.
Summary, etc. Horrid Henry creates havoc wherever he goes. To his well-meaning parents and to every adult whose path he crosses, he is the ultimate nightmare child. His naughtiness is of the kind all children secretly admire and few dare to aspire to. He doesn't always mean to be bad, but the best- laid plans have a habit of going wrong...
650 ## - SUBJECT ADDED ENTRY--TOPICAL TERM
Topical term or geographic name entry element Juvenile Literature
655 ## - INDEX TERM--GENRE/FORM
Genre/form data or focus term Humour
942 ## - ADDED ENTRY ELEMENTS (KOHA)
Source of classification or shelving scheme
Koha item type Books - Fiction
Holdings
Withdrawn status Lost status Source of classification or shelving scheme Damaged status Not for loan Collection code Permanent Location Current Location Shelving location Date acquired Full call number Barcode Date last seen Price effective from Koha item type Public note
          Fiction KH8 Primary School Library KH8 Primary School Library Fiction 2025-12-02 823.914 SIM KHPL000008149 2025-12-05 2025-12-02 Books - Fiction PRIMARY LIBRARY

Powered By KH8 IT Dept